|
|
|
|
| LEADER |
00000nam0a2200000 4500 |
| 001 |
283430 |
| 005 |
20231101235609.0 |
| 020 |
|
|
|a RU
|b 85-4914
|
| 035 |
|
|
|a (RuTPU)RU\TPU\book\307502
|
| 090 |
|
|
|a 283430
|
| 100 |
|
|
|a 20150206d1984 k y0rusy5003 ca
|
| 101 |
0 |
|
|a rus
|
| 102 |
|
|
|a RU
|
| 105 |
|
|
|a a z 001zy
|
| 200 |
1 |
|
|a Устойчивость и крепление горных выработок. Взаимодействие крепи и пород в сложных условиях
|e сборник научных трудов
|f Ленинградский горный институт им. Г. В. Плеханова (ЛГИ) ; под ред. В. В. Смирнякова
|
| 210 |
|
|
|a Ленинград
|c Изд-во ЛГИ
|d 1984
|
| 215 |
|
|
|a 111 с.
|c ил.
|
| 320 |
|
|
|a Библиография в конце статей
|
| 606 |
|
|
|a Горные выработки
|x Устойчивость
|2 stltpush
|3 (RuTPU)RU\TPU\subj\7783
|9 35330
|
| 610 |
1 |
|
|a крепи
|
| 610 |
1 |
|
|a расчет
|
| 610 |
1 |
|
|a прогноз
|
| 610 |
1 |
|
|a исследование
|
| 610 |
1 |
|
|a возведение
|
| 610 |
1 |
|
|a горные породы
|
| 610 |
1 |
|
|a влажность
|
| 610 |
1 |
|
|a влияние
|
| 610 |
1 |
|
|a фибробетоны
|
| 675 |
|
|
|a 622.833
|v 3
|
| 702 |
|
1 |
|a Смирняков
|b В. В.
|g Виталий Васильевич
|4 340
|
| 712 |
0 |
2 |
|a Ленинградский горный институт им. Г. В. Плеханова (ЛГИ)
|c (1924-1991)
|2 stltpush
|3 (RuTPU)RU\TPU\col\1021
|
| 801 |
|
0 |
|a RU
|b RuMRKP
|c 19950704
|g psbo
|
| 801 |
|
1 |
|a RU
|b 63413507
|c 20150206
|
| 801 |
|
2 |
|a RU
|b 63413507
|c 20170927
|g RCR
|
| 942 |
|
|
|c BK
|